| 000 -LEADER |
| fixed length control field |
00974nam a22002177a 4500 |
| 008 - FIXED-LENGTH DATA ELEMENTS--GENERAL INFORMATION |
| fixed length control field |
131113b xxu||||| |||| 00| 0 slv d |
| 020 ## - INTERNATIONAL STANDARD BOOK NUMBER |
| International Standard Book Number |
3854283237 |
| 041 1# - LANGUAGE CODE |
| Language code of text/sound track or separate title |
slv |
| -- |
ger |
| 080 ## - UNIVERSAL DECIMAL CLASSIFICATION NUMBER |
| Universal Decimal Classification number |
339.727.2 |
| Common auxiliary subdivision |
(497.4) |
| -- |
(094) |
| 100 1# - Rafti |
| Rafti |
Tischler, Janko jun. |
| 245 10 - TITLE STATEMENT |
| Title |
Investieren in Slowenien = Investiranje v Sloveniji |
| Statement of responsibility, etc |
Janko Tischler jun., Filip Ogris-Martic |
| 250 ## - |
| -- |
2. Auflage |
| 260 ## - |
| -- |
Wien : |
| -- |
Service Fachverlag ; |
| -- |
1995. |
| 300 ## - |
| -- |
245 f. : |
| -- |
21 cm. |
| 490 ## - |
| -- |
Schriftenreiche des FOWI |
| -- |
Forschungsinstitut für mittel-und Osteuropäisches wirtschaftsrecht |
| -- |
Institute for Central- and Eastern European Business Law |
| -- |
Band 3 |
| 500 ## - |
| -- |
[Titulli dhe teksti në gjuhën gjermane dhe sllovene] |
| 500 ## - |
| -- |
Predgovor izdajateljev : f. [I] |
| 500 ## - |
| -- |
Vorwort der herausgeber : f. [III] |
| 650 #0 - |
| -- |
Investime |
| -- |
Sllovenia |
| 942 ## - ADDED ENTRY ELEMENTS (KOHA) |
| Source of classification or shelving scheme |
|
| Item type |
Books |